|
|
|
|
| LEADER |
00000cam a2200000 a 4500 |
| 001 |
vtls001171771 |
| 003 |
SK-MaSNL |
| 005 |
20260302091628.0 |
| 008 |
240226s1974 xo a br 000 p slo |
| 015 |
|
|
|a SNBA1974/12-03374
|
| 020 |
|
|
|q (viazané)
|
| 035 |
|
|
|a SNK000114752
|
| 035 |
|
|
|a 90397BAF-0F71-4A90-BD15-0F93F5CDB1BE
|
| 035 |
|
|
|a urn:nbn:sk:snk-am00idi4
|
| 040 |
|
|
|a SNK
|b slo
|c SNK
|e AACR2
|
| 041 |
1 |
|
|a slo
|h rus
|
| 044 |
|
|
|a xo
|c SK
|
| 072 |
|
7 |
|a 821.161.1
|x Ruská literatúra
|2 konspekt
|
| 072 |
|
7 |
|a 821-93
|x Literatúra pre deti a mládež (beletria)
|2 konspekt
|
| 080 |
|
|
|a 821.161.1-1
|2 2011
|
| 080 |
|
|
|a 82-1-053.2
|2 2011
|
| 100 |
1 |
|
|a Barto, Agnija Ľvovna,
|d 1906-1981
|4 aut
|9 201518
|
| 245 |
1 |
0 |
|a Lampášik
|c Agnija Barto ; [z ruských vydaní Fonarik, Za cvetami v zimnij les ... vybral a preložil Ján Turan ; ilustroval Ferdinand Hložník]
|
| 250 |
|
|
|a 1. vyd.
|
| 260 |
|
|
|a Bratislava
|b Mladé letá
|c 1974
|
| 300 |
|
|
|a [42] strán
|b ilustrácie
|c 21 cm
|
| 366 |
|
|
|e 4500 kusov
|
| 490 |
1 |
|
|a Klub mladých čitateľov
|
| 521 |
1 |
|
|a Pre čitateľov od 7 rokov
|
| 655 |
|
7 |
|a ruská poézia
|2 NKPH
|9 70731
|
| 655 |
|
7 |
|a poézia pre deti
|2 SNKPH
|9 86748
|
| 700 |
1 |
|
|a Turan, Ján,
|d 1932-2021
|4 trl
|4 com
|9 88156
|
| 700 |
1 |
|
|a Hložník, Ferdinand,
|d 1921-2006
|4 ill
|9 92675
|
| 700 |
1 |
2 |
|a Barto, Agnija Ľvovna,
|d 1906-1981
|t Fonarik
|l Slovensky
|9 760389
|
| 700 |
1 |
2 |
|a Barto, Agnija Ľvovna,
|d 1906-1981
|t Za cvetami v zimnij les
|l Slovensky
|9 760390
|
| 830 |
|
0 |
|a Klub mladých čitateľov
|9 276979
|
| 852 |
|
|
|a Slovenská národná knižnica
|
| 954 |
|
|
|a beletria cudzojazyčná (svetová)
|2 lita
|
| 958 |
|
|
|a OND
|
| 958 |
|
|
|a RK
|
| 958 |
|
|
|a TL
|
| 958 |
|
|
|a LX
|
| 958 |
|
|
|a RU
|
| 958 |
|
|
|a UP
|
| 958 |
|
|
|a DB
|
| 958 |
|
|
|a EUIPO
|
| 999 |
|
|
|c 1201513
|d 1203443
|
| 952 |
|
|
|a SNK
|b SNK
|y PREZ
|7 0
|p 17A0974286
|o snkSC 35183
|i snkKSP 110/75
|0 0
|1 0
|4 0
|d 2012-10-16
|f 1
|l 0
|r 2025-10-03 00:00:00
|w 2026-02-24
|
| 952 |
|
|
|a SNK
|b SNK
|y VYP
|7 0
|p 17A0370552
|o snkSC 35183 D1
|0 0
|1 0
|4 0
|d 2003-01-21
|l 0
|r 2005-01-01 00:00:00
|w 2026-02-24
|